| 000 | 00737cam a22002174a 4500 | ||
|---|---|---|---|
| 005 | 20250605164157.0 | ||
| 008 | 250528s ||||||||||||||||||||||||d | ||
| 035 | _a19647 | ||
| 020 | _a960021817Χ | ||
| 040 |
_aGR-AtMCL _bgre _dGR-AtMCL _eAACR2 |
||
| 245 | 1 | _aΕΙΣΑΓΩΓΗ ΣΤΗΝ ΨΥΧΟΛΟΓΙΑ ΤΟΥ HILGARD ΤΟΜΟΣ Β | |
| 250 | _a13 | ||
| 260 |
_bΠαπαζήση, _c2004 |
||
| 300 | _a811 | ||
| 505 | 0 | _aΕΠΙΜΕΛΗΤΕΣ ΕΚΔΟΣΗΣ: R.L.ATKINSON, R.C.ATKINSON, E.E.SMITH, D.J.BEM, S.NOLEN-HOEKSEMA | |
| 520 | _aΕΠΙΜΕΛΗΤΕΣ ΕΚΔΟΣΗΣ: R.L.ATKINSON, R.C.ATKINSON, E.E.SMITH, D.J.BEM, S.NOLEN-HOEKSEMA | ||
| 700 | 1 |
_aHilgard Ernest _95854 |
|
| 942 | _cBK | ||
| 999 |
_c4903 _d4903 |
||